Movie Newspapers Quiz Stats

Quiz Updated Jun 15, 2016

Also try: Movie by Object II
Challenge
Share
Tweet
Score 0/25 Timer 06:00
1 Play Today
% Correct
Back to the Future
97.2%
Ghostbusters
95.3%
The Godfather
90.1%
Harry Potter and the Prisoner of Azkaban
86.7%
Iron Man 2
74.1%
Wallace & Gromit: The Curse of the Were-Rabbit
60.8%
Captain America: The First Avenger
54.5%
Hansel & Gretel: Witch Hunters
54.4%
The Imitation Game
53%
No Country For Old Men
51.9%
Minority Report
50.6%
Sherlock Holmes
47.8%
The Great Mouse Detective
47%
% Correct
Superman Returns
45.7%
Scarface
41.8%
Naked Gun 33 1/3: The Final Insult
38.2%
Batman v Superman: Dawn of Justice
37.9%
North by Northwest
36.6%
Beetlejuice
28.1%
Citizen Kane
27.8%
The Grand Budapest Hotel
27.4%
Kingsman: The Secret Service
26.7%
Hitchcock
22.9%
Hot Fuzz
20.3%
The Pink Panther
15%

You're not logged in!

Compare scores with friends on all Sporcle quizzes.
Sign Up with Email
OR
Log In

You Might Also Like...

Show Comments

Extras

Top Quizzes Today


Score Distribution

Your Account Isn't Verified!

In order to create a playlist on Sporcle, you need to verify the email address you used during registration. Go to your Sporcle Settings to finish the process.